О результатах непродуктивного отхода материала при переплавочном процессе; Уральский техник; № 1-3

Detalles Bibliográficos
Parent link:Уральский техник.— , 1918
№ 1-3.— 1918.— С. 92-93
Autor Principal: Бутаков И. Н. Иннокентий Николаевич
Summary:В фонде НТБ ТПУ отсутствует
Idioma:ruso
Publicado: 1918
Subjects:
Formato: MixedMaterials Capítulo de libro
KOHA link:https://koha.lib.tpu.ru/cgi-bin/koha/opac-detail.pl?biblionumber=593361

MARC

LEADER 00000naa0a2200000 4500
001 593361
005 20250130165313.0
035 |a (RuTPU)RU\TPU\tpu\6566 
090 |a 593361 
100 |a 20011210d1918 k||y0rusy50 ca 
101 0 |a rus 
102 |a RU 
200 1 |a О результатах непродуктивного отхода материала при переплавочном процессе  |f И. Н. Бутаков 
333 |a В фонде НТБ ТПУ отсутствует 
461 |t Уральский техник  |d 1918 
463 |t № 1-3  |v С. 92-93  |d 1918 
610 1 |a металловедение 
610 1 |a труды учёных ТПУ 
700 1 |a Бутаков  |b И. Н.  |c ученый-теплотехник  |c профессор Томского политехнического института  |f 1881-1970  |g Иннокентий Николаевич  |3 (RuTPU)RU\TPU\pers\18396 
801 0 |a RU  |b 63413507  |c 20011210  |g PSBO 
801 2 |a RU  |b 63413507  |c 20120215  |g PSBO 
942 |c CR